Plutarch's Moralia / (Record no. 23428)
[ view plain ]
| 000 -LEADER | |
|---|---|
| fixed length control field | 00978cam a2200325 a 4500 |
| 001 - CONTROL NUMBER | |
| control field | 23428 |
| 003 - CONTROL NUMBER IDENTIFIER | |
| rucl marc code | BD-RjUL |
| 005 - DATE AND TIME OF LATEST TRANSACTION | |
| control field | 20211209000929.0 |
| 008 - FIXED-LENGTH DATA ELEMENTS--GENERAL INFORMATION | |
| fixed length control field | 970630s1927 enk 001 0 grc |
| 035 ## - SYSTEM CONTROL NUMBER | |
| System control number | x3393218 |
| System control number | (BD-RjUL)23493 |
| System control number | (UkLCURL)014480831 |
| System control number | (UkCU)4480831 |
| 038 ## - RECORD CONTENT LICENSOR | |
| Record content licensor | UkLCURL |
| 040 ## - CATALOGING SOURCE | |
| Original cataloging agency | DLC |
| Language of cataloging | eng |
| Transcribing agency | DLC |
| Modifying agency | BD-RjUL |
| 041 1# - LANGUAGE CODE | |
| Language code of text/sound track or separate title | grc |
| -- | eng |
| 082 04 - DEWEY DECIMAL CLASSIFICATION NUMBER | |
| Classification number | 888 |
| Author mark and year | PLP 1949 |
| 090 ## - LOCALLY ASSIGNED LC-TYPE CALL NUMBER (OCLC); LOCAL CALL NUMBER (OCLC) | |
| Classification number (OCLC) (R) ; Classification number, CALL (RLIN) (NR) | Cam |
| Local cutter number (OCLC) ; Book number/undivided call number, CALL (RLIN) | 9706.d.1166.26 |
| 100 0# - MAIN ENTRY--PERSONAL NAME | |
| Personal name | Plutarch. |
| 9 (RLIN) | 72158 |
| 245 10 - TITLE STATEMENT | |
| Title | Plutarch's Moralia / |
| Statement of responsibility, etc. | with an English translation by Frank Cole Babbitt. |
| Number of part/section of a work | Volume-III |
| Name of part/section of a work | 172 A-263o |
| 260 ## - PUBLICATION, DISTRIBUTION, ETC. (IMPRINT) | |
| Place of publication, distribution, etc. | London ; |
| -- | Cambridge, Mass. : |
| Name of publisher, distributor, etc. | Heinemann : |
| -- | Harvard University Press, |
| Date of publication, distribution, etc. | [reprinted 1949]. |
| 300 ## - PHYSICAL DESCRIPTION | |
| Pagination | V-3 (xii, 599 p.) ; |
| Size | 17 cm. |
| 504 ## - BIBLIOGRAPHY, ETC. NOTE | |
| Bibliography, etc | Includes index. |
| 650 1# - SUBJECT ADDED ENTRY--TOPICAL TERM | |
| Topical term or geographic name as entry element | Plutarch. |
| 9 (RLIN) | 72159 |
| 700 1# - ADDED ENTRY--PERSONAL NAME | |
| Personal name | Babbitt, Frank Cole. |
| 830 #0 - SERIES ADDED ENTRY--UNIFORM TITLE | |
| Volume number/sequential designation | 197. |
| 830 #0 - SERIES ADDED ENTRY--UNIFORM TITLE | |
| Uniform title | Loeb classical library ; |
| 942 ## - ADDED ENTRY ELEMENTS (KOHA) | |
| Source of classification or shelving scheme | Dewey Decimal Classification |
| Koha item type | Books |
| Lost status | Source of classification or shelving scheme | Damaged status | Not for loan | Collection code | Permanent Location | Current Location | Shelving location | Date acquired | Source of acquisition | Cost, normal purchase price | Total Checkouts | Full call number | Date last seen | Copy number | Koha item type |
|---|---|---|---|---|---|---|---|---|---|---|---|---|---|---|---|
| Dewey Decimal Classification | Added to bundle | Fiction | Central Library, University of Rajshahi | Central Library, University of Rajshahi | Reading Room | 10/03/1955 | simpkin marshall | 15.00 | 888 PLP V-3 1949 | 10/03/2014 | C-1 | Books |